000 00305nam a2200109Ia 4500
008 171211s9999 xx 000 0 und d
245 _aCitrus Genetics, Breeding and Biotechnology
245 _cIqrar Khan
260 _c2007
650 _xBiology
856 _uhttp://down.ebook777.com/062/9780851990194.pdf
999 _c350407
_d350407